International relations : (Record no. 13910)

000 -LEADER
fixed length control field 01203cam a2200313 a 4500
001 - CONTROL NUMBER
control field 14786996
005 - DATE AND TIME OF LATEST TRANSACTION
control field 20170105102842.0
008 - FIXED-LENGTH DATA ELEMENTS--GENERAL INFORMATION
fixed length control field 070328s2008 mauab b 001 0 eng
010 ## - LIBRARY OF CONGRESS CONTROL NUMBER
LC control number 2007925760
020 ## - INTERNATIONAL STANDARD BOOK NUMBER
International Standard Book Number 9780618783502
020 ## - INTERNATIONAL STANDARD BOOK NUMBER
International Standard Book Number 0618783504
040 ## - CATALOGING SOURCE
Original cataloging agency DLC
Transcribing agency DLC
Modifying agency DLC
050 00 - LIBRARY OF CONGRESS CALL NUMBER
Classification number JZ1242
Item number .S545 2008
082 ## - DEWEY DECIMAL CLASSIFICATION NUMBER
Classification number 327
100 1# - MAIN ENTRY--PERSONAL NAME
Personal name Shimko, Keith L.,
Dates associated with a name 1962-
245 10 - TITLE STATEMENT
Title International relations :
Remainder of title perspectives and controversies /
Statement of responsibility, etc. Keith L. Shimko.
250 ## - EDITION STATEMENT
Edition statement 2nd ed.
260 ## - PUBLICATION, DISTRIBUTION, ETC.
Place of publication, distribution, etc. Boston :
Name of publisher, distributor, etc. Houghton Mifflin,
Date of publication, distribution, etc. c2008.
300 ## - PHYSICAL DESCRIPTION
Extent xiii, 386 p. :
Other physical details ill., maps ;
Dimensions 24 cm.
504 ## - BIBLIOGRAPHY, ETC. NOTE
Bibliography, etc. note Includes bibliographical references and index.
650 #0 - SUBJECT ADDED ENTRY--TOPICAL TERM
Topical term or geographic name entry element International relations
Form subdivision Textbooks.
856 42 - ELECTRONIC LOCATION AND ACCESS
Materials specified Contributor biographical information
Uniform Resource Identifier <a href="http://www.loc.gov/catdir/enhancements/fy1303/2007925760-b.html">http://www.loc.gov/catdir/enhancements/fy1303/2007925760-b.html</a>
856 42 - ELECTRONIC LOCATION AND ACCESS
Materials specified Publisher description
Uniform Resource Identifier <a href="http://www.loc.gov/catdir/enhancements/fy1303/2007925760-d.html">http://www.loc.gov/catdir/enhancements/fy1303/2007925760-d.html</a>
856 41 - ELECTRONIC LOCATION AND ACCESS
Materials specified Table of contents only
Uniform Resource Identifier <a href="http://www.loc.gov/catdir/enhancements/fy1303/2007925760-t.html">http://www.loc.gov/catdir/enhancements/fy1303/2007925760-t.html</a>
906 ## - LOCAL DATA ELEMENT F, LDF (RLIN)
a 7
b cbc
c origcop
d 2
e epcn
f 20
g y-gencatlg
942 ## - ADDED ENTRY ELEMENTS (KOHA)
Source of classification or shelving scheme
Koha item type Book
Holdings
Withdrawn status Lost status Damaged status Not for loan Collection code Permanent Location Current Location Shelving location Date acquired Total Checkouts Full call number Barcode Date last seen Price effective from Koha item type
          Centre for International Peace & Stability (CIPS) Centre for International Peace & Stability (CIPS) General Stacks 08/02/2013   327 SHI 2008 CIPS0000206 08/02/2013 08/02/2013 Book
          Centre for International Peace & Stability (CIPS) Centre for International Peace & Stability (CIPS) General Stacks 03/14/2016   327 SHI 2008 CIPS0002767 03/14/2016 03/14/2016 Book
© 2023 Central Library, National University of Sciences and Technology. All Rights Reserved.